| 000 | 03550namaa2200397uu 4500 | ||
|---|---|---|---|
| 001 | doab135185 | ||
| 003 | oapen | ||
| 005 | 20260218110439.0 | ||
| 006 | m o d | ||
| 007 | cr|mn|---annan | ||
| 008 | 240307s2024 xx |||||o ||| 0|eng d | ||
| 020 | _a9780854662029 | ||
| 020 | _a9780854662036 | ||
| 020 | _a9780854662043 | ||
| 020 | _aintechopen.111263 | ||
| 024 | 7 |
_a10.5772/intechopen.111263 _2doi |
|
| 040 |
_aoapen _coapen _d |
||
| 041 | 0 | _aeng | |
| 042 | _adc | ||
| 720 | 1 |
_aRodrigo, Luis _4edt |
|
| 245 | 0 | 0 |
_aDiverticular Bowel Disease _bDiagnosis and Treatment |
| 260 |
_bIntechOpen _c2024 |
||
| 300 | _a1 online resource (88 p.) | ||
| 336 |
_atext _btxt _2rdacontent |
||
| 337 |
_acomputer _bc _2rdamedia |
||
| 338 |
_aonline resource _bcr _2rdacarrier |
||
| 506 | 0 |
_fUnrestricted online access _2star |
|
| 520 | _aDiverticulosis refers to an outpouching of colonic mucosa and submucosa outside of the intestinal lumen. It commonly occurs around the penetrating blood vessels. It can occur in any segment of the bowels; however, the sigmoid colon is the most affected segment. Diverticulosis (the presence of diverticula in the colon) remains asymptomatic in most individuals, but approximately 25% of people with diverticulosis will experience symptomatic diverticulosis, which is referred to as diverticular disease. In the past two decades, diverticular disease has become one of the most commonly diagnosed bowel disorders. It is seen across the globe and its incidence is high, especially in Western countries. It is estimated that in many developed countries around 50% of the population older than 50 years is affected by diverticular disease. It was once believed to be associated with increasing age, however, in recent studies, its prevalence in younger populations has increased. In about 10%-25% of patients with diverticulosis, the disease progresses and leads to diverticulitis. Many theories have been suggested for the different etiologies of diverticular disease, and the most common cause is believed to be a low-fiber diet. It is believed that diets low in fiber are associated with increased intracolonic pressure, which leads to diverticula formation. Diverticular disease can have variable clinical presentations. Most often it presents as abdominal pain or change in bowel habits and rectal bleeding. Its clinical picture can at times mimic inflammatory bowel disease or bowel malignancy. Its common sequelae include diverticulitis, perforation, and peri-colic abscess/phlegmon. The complications of diverticular disease include abscess, fistula, and bowel strictures. Small or localized collections can be managed with intravenous antibiotics and depending on the available resources, intervention radiology can also be used to manage such cases. CT scan is considered a more specific technique for diagnosis. It can also be used for reviewing the patient's progress to treatment, with serial scans over time. It is also used for treating some complications, such as performing percutaneous drainage of abdominal abscesses. | ||
| 540 |
_aCreative Commons _fhttps://creativecommons.org/licenses/by/3.0/ _2cc _uhttps://creativecommons.org/licenses/by/3.0/ |
||
| 546 | _aEnglish | ||
| 650 | 7 |
_aGastroenterology _2bicssc |
|
| 720 | 1 |
_aRodrigo, Luis _4oth |
|
| 793 | 0 | _aDOAB Library. | |
| 856 |
_uhttps://docs.google.com/spreadsheets/d/1yKIrdCPDAG_9c22mwoOIO2DOhtj65Wqa/edit?usp=sharing&ouid=106555315294820607512&rtpof=true&sd=true _yList of Curated E-Books |
||
| 942 | _cE-BOOK | ||
| 999 |
_c81126 _d81125 |
||